|
|
|
|
| LEADER |
03857nam a2200541 4500 |
| 001 |
978-3-030-00653-2 |
| 003 |
DE-He213 |
| 005 |
20191024131427.0 |
| 007 |
cr nn 008mamaa |
| 008 |
180917s2018 gw | s |||| 0|eng d |
| 020 |
|
|
|a 9783030006532
|9 978-3-030-00653-2
|
| 024 |
7 |
|
|a 10.1007/978-3-030-00653-2
|2 doi
|
| 040 |
|
|
|d GrThAP
|
| 050 |
|
4 |
|a QC173.45-173.458
|
| 072 |
|
7 |
|a PHFC
|2 bicssc
|
| 072 |
|
7 |
|a SCI077000
|2 bisacsh
|
| 072 |
|
7 |
|a PHFC
|2 thema
|
| 082 |
0 |
4 |
|a 530.474
|2 23
|
| 100 |
1 |
|
|a Puebla, Ricardo.
|e author.
|4 aut
|4 http://id.loc.gov/vocabulary/relators/aut
|
| 245 |
1 |
0 |
|a Equilibrium and Nonequilibrium Aspects of Phase Transitions in Quantum Physics
|h [electronic resource] /
|c by Ricardo Puebla.
|
| 250 |
|
|
|a 1st ed. 2018.
|
| 264 |
|
1 |
|a Cham :
|b Springer International Publishing :
|b Imprint: Springer,
|c 2018.
|
| 300 |
|
|
|a XIX, 203 p. 44 illus., 12 illus. in color.
|b online resource.
|
| 336 |
|
|
|a text
|b txt
|2 rdacontent
|
| 337 |
|
|
|a computer
|b c
|2 rdamedia
|
| 338 |
|
|
|a online resource
|b cr
|2 rdacarrier
|
| 347 |
|
|
|a text file
|b PDF
|2 rda
|
| 490 |
1 |
|
|a Springer Theses, Recognizing Outstanding Ph.D. Research,
|x 2190-5053
|
| 505 |
0 |
|
|a Introduction -- Structural Phase Transitions -- Quantum Rabi Model: Equilibrium -- Quantum Rabi Model: Nonequilibrium -- Superradiant QPT with a Single Trapped Ion -- Quantum Kibble-Zurek Mechanism -- Concluding Remarks and Outlook.
|
| 520 |
|
|
|a In this book, the equilibrium and nonequilibrium properties of continuous phase transitions are studied in various systems, with a special emphasis on understanding how well-established universal traits at equilibrium may be extended into the dynamic realm, going beyond the paradigmatic Kibble-Zurek mechanism of defect formation. This book reports on the existence of a quantum phase transition in a system comprising just a single spin and a bosonic mode (the quantum Rabi model). Though critical phenomena are inherent to many-body physics, the author demonstrates that this small and ostensibly simple system allows us to explore the rich phenomenology of phase transitions, both in- and out-of-equilibrium. Moreover, the universal traits of this quantum phase transition may be realized in a single trapped-ion experiment, thus avoiding the need to scale up the number of constituents. In this system, the phase transition takes place in a suitable limit of system parameters rather than in the conventional thermodynamic limit - a novel notion that the author and his collaborators have dubbed the finite-component system phase transition. As such, the results gathered in this book will open promising new avenues in our understanding and exploration of quantum critical phenomena.
|
| 650 |
|
0 |
|a Phase transitions (Statistical physics).
|
| 650 |
|
0 |
|a Quantum physics.
|
| 650 |
|
0 |
|a Statistical physics.
|
| 650 |
|
0 |
|a Phase transformations (Statistical physics).
|
| 650 |
|
0 |
|a Condensed materials.
|
| 650 |
1 |
4 |
|a Phase Transitions and Multiphase Systems.
|0 http://scigraph.springernature.com/things/product-market-codes/P25099
|
| 650 |
2 |
4 |
|a Quantum Physics.
|0 http://scigraph.springernature.com/things/product-market-codes/P19080
|
| 650 |
2 |
4 |
|a Statistical Physics and Dynamical Systems.
|0 http://scigraph.springernature.com/things/product-market-codes/P19090
|
| 650 |
2 |
4 |
|a Quantum Gases and Condensates.
|0 http://scigraph.springernature.com/things/product-market-codes/P24033
|
| 710 |
2 |
|
|a SpringerLink (Online service)
|
| 773 |
0 |
|
|t Springer eBooks
|
| 776 |
0 |
8 |
|i Printed edition:
|z 9783030006525
|
| 776 |
0 |
8 |
|i Printed edition:
|z 9783030006549
|
| 776 |
0 |
8 |
|i Printed edition:
|z 9783030131388
|
| 830 |
|
0 |
|a Springer Theses, Recognizing Outstanding Ph.D. Research,
|x 2190-5053
|
| 856 |
4 |
0 |
|u https://doi.org/10.1007/978-3-030-00653-2
|z Full Text via HEAL-Link
|
| 912 |
|
|
|a ZDB-2-PHA
|
| 950 |
|
|
|a Physics and Astronomy (Springer-11651)
|